[Event "ODEM U25-A Oberhof"]
[Site "?"]
[Date "2013.05.23"]
[Round "7.28"]
[White "Valet, Alexander"]
[Black "Vergin, Marcel"]
[Result "1-0"]
[WhiteElo "1910"]
[BlackElo "1801"]
[PlyCount "83"]
[EventDate "2013.??.??"]

1. e4 c5 2. Nc3 Nc6 3. d3 d6 4. g3 g6 5. Bg2 Bg7 6. f4 Nd4 7. Nf3 Nh6 8. h3 f5
9. Be3 Qa5 10. Bd2 e6 11. Ne2 Qb6 12. Nfxd4 cxd4 13. Qc1 Bd7 14. c3 Rc8 15. e5
dxe5 16. fxe5 Nf7 17. Nxd4 Nxe5 18. Qb1 Bb5 19. Nxb5 Qxb5 20. O-O Nxd3 21. Qc2
O-O 22. Kh2 Ne5 23. Qb3 Qd7 24. Rad1 b6 25. Bg5 Qe8 26. Rd6 Nc4 27. Rd3 h6 28.
Bc1 Na5 29. Qd1 Rd8 30. Re1 e5 31. Rxd8 Qxd8 32. Bd5+ Kh7 33. b4 e4 34. bxa5
Bxc3 35. Bd2 Qxd5 36. Bxc3 Qxa2+ 37. Re2 Qc4 38. Rc2 Qa4 39. axb6 axb6 40. Be5
Qe8 41. Qd5 Rf7 42. Rc8 1-0

[Event "ODEM U25-A Oberhof"]
[Site "?"]
[Date "2013.05.23"]
[Round "7.29"]
[White "Hartewig, Philipp"]
[Black "Torzinski, Nils"]
[Result "0-1"]
[WhiteElo "1811"]
[BlackElo "1805"]
[PlyCount "158"]
[EventDate "2013.??.??"]

1. d4 d5 2. c4 c6 3. Nc3 Nf6 4. Nf3 dxc4 5. a4 e6 6. e3 c5 7. Bxc4 cxd4 8. Nxd4
Bd7 9. O-O Be7 10. Ndb5 O-O 11. b3 Qa5 12. Bb2 Rd8 13. Qe2 a6 14. Nd4 Nc6 15.
Nf3 Rac8 16. Rfd1 Qb6 17. Na2 Na5 18. Bd4 Qc7 19. Rac1 Nc6 20. Bb2 Qb8 21. Bd3
Nd5 22. Nd4 Ne5 23. Bb1 Ng6 24. Rxc8 Rxc8 25. Nf3 b5 26. axb5 Bxb5 27. Bd3 Bxd3
28. Qxd3 Qb7 29. Rb1 Nf6 30. Nd4 Rd8 31. Qc2 Rc8 32. Qd1 Nh4 33. f3 Nd5 34. e4
Ne3 35. Qd3 Nexg2 36. Ne2 Bc5+ 37. Kh1 Bb6 38. Rd1 Ne3 39. Rg1 Ng6 40. Nd4 Bxd4
41. Qxd4 Nf5 42. exf5 Qxf3+ 43. Rg2 e5 44. Qf2 Qd1+ 45. Rg1 Qd5+ 46. Rg2 Nf4
47. Nc3 Qxg2+ 48. Qxg2 Nxg2 49. Kxg2 f6 50. b4 Rc4 51. Kf3 Rxb4 52. Bc1 Kf7 53.
Ne4 Rb3+ 54. Be3 g6 55. fxg6+ hxg6 56. h4 f5 57. Nc5 Rc3 58. Ke2 f4 59. Bf2 a5
60. Ne4 Rc2+ 61. Kd3 Rxf2 62. Nxf2 Kf6 63. Ke4 a4 64. Nd3 a3 65. Nb4 g5 66.
hxg5+ Kxg5 67. Kf3 Kf5 68. Na2 e4+ 69. Kf2 e3+ 70. Kf3 Ke5 71. Nb4 Kd6 72. Ke2
Kc5 73. Nc2 a2 74. Kd3 Kb5 75. Kc3 Ka4 76. Kb2 e2 77. Ne1 Kb4 78. Kxa2 Kc3 79.
Nf3 Kc2 0-1

[Event "ODEM U25-A Oberhof"]
[Site "?"]
[Date "2013.05.23"]
[Round "7.31"]
[White "Yin, Stanley"]
[Black "Herrmann, Heribert"]
[Result "1-0"]
[WhiteElo "2018"]
[BlackElo "1683"]
[PlyCount "41"]
[EventDate "2013.??.??"]

1. g3 Nf6 2. c3 c5 3. Bg2 g6 4. d3 Bg7 5. Nf3 O-O 6. O-O Nc6 7. Na3 d5 8. Qa4
Bd7 9. Qh4 a6 10. Bh6 b5 11. Nc2 e5 12. Ng5 Ne7 13. e4 dxe4 14. dxe4 Nh5 15.
Bxg7 Kxg7 16. Rad1 Qc7 17. Nxh7 Kxh7 18. Qxe7 Rad8 19. Bh3 Rfe8 20. Qxf7+ Ng7
21. Rxd7 1-0

[Event "ODEM U25-A Oberhof"]
[Site "?"]
[Date "2013.05.23"]
[Round "7.32"]
[White "Stark, Timo"]
[Black "Klosa, Kevin"]
[Result "1-0"]
[WhiteElo "1843"]
[BlackElo "1668"]
[PlyCount "85"]
[EventDate "2013.??.??"]

1. e4 e5 2. Nf3 Nc6 3. Bc4 Bc5 4. c3 Nf6 5. d3 d6 6. b4 Bb6 7. a4 a6 8. O-O O-O
9. Nbd2 Qe7 10. Qc2 Be6 11. Ba3 Qd7 12. b5 axb5 13. Bxb5 Rfd8 14. d4 exd4 15.
cxd4 Bxd4 16. Bxc6 Bxf2+ 17. Rxf2 bxc6 18. h3 Qe8 19. Bb2 Nd7 20. Qxc6 Rdb8 21.
Qc3 f6 22. Nd4 Bf7 23. Nb5 Rc8 24. Qg3 Bg6 25. Nc4 Qe6 26. Rc1 Nc5 27. Nd2 Rxa4
28. e5 Nd3 29. Rxc7 Rxc7 30. Nxc7 Qd7 31. exd6 Nxf2 32. Qb3+ Bf7 33. Qb8+ Be8
34. Nxe8 Kf7 35. Qb3+ Kf8 36. Nxf6 gxf6 37. Bxf6 Ra1+ 38. Bxa1 Qa7 39. Qf3+ Ke8
40. Qh5+ Kf8 41. Qf5+ Kg8 42. Qc8+ Kf7 43. Qc7+ 1-0

[Event "ODEM U25-A Oberhof"]
[Site "?"]
[Date "2013.05.23"]
[Round "7.33"]
[White "Nitzsche, Pia"]
[Black "Kast, Joannis"]
[Result "1/2-1/2"]
[WhiteElo "1662"]
[BlackElo "1823"]
[PlyCount "203"]
[EventDate "2013.??.??"]

1. c4 b6 2. Nc3 Bb7 3. Nf3 e6 4. d4 Bb4 5. Bd2 f5 6. a3 Bxc3 7. Bxc3 Nf6 8. g3
d6 9. Bg2 Nbd7 10. O-O O-O 11. b4 Ne4 12. Qb3 Ndf6 13. Ng5 Qe7 14. Nxe4 Nxe4
15. Rad1 Rf6 16. Bd2 Rg6 17. Qb2 Rf8 18. Bf4 Re8 19. c5 e5 20. dxe5 dxe5 21.
Bc1 bxc5 22. bxc5 Bc6 23. Qb4 h5 24. h4 Kh7 25. Kh2 Qxc5 26. Bf3 Qxb4 27. axb4
Rd6 28. Rxd6 cxd6 29. Bxh5 Rb8 30. Be3 a6 31. Rc1 Bd7 32. Rc7 Nf6 33. Bf3 e4
34. Bg2 Bb5 35. Bd4 Kg6 36. Bf1 Rd8 37. Kh3 Rd7 38. Rc8 Nd5 39. Bc3 Rc7 40.
Rxc7 Nxc7 41. Kg2 Nd5 42. Bd2 Kf6 43. f4 Ke6 44. Kf2 g6 45. Bh3 Nb6 46. g4 Nd5
47. gxf5+ gxf5 48. e3 Nf6 49. Bc3 Nd5 50. Bd2 Kf6 51. h5 Bd7 52. Kg3 Kg7 53.
Kh4 Kh6 54. Bf1 Bb5 55. Bh3 Bd7 56. Bf1 Bc8 57. Bc4 Nf6 58. Be2 Bb7 59. Bc3 Nd5
60. Bd2 Bc8 61. Bc4 Nb6 62. Bf7 Kg7 63. Bb3 Kh6 64. Bf7 Bb7 65. Bb3 Bd5 66. Bd1
Bc4 67. Bc3 Nd5 68. Bd2 Nb6 69. Bc3 Bd3 70. Kg3 Nd5 71. Bd2 Nf6 72. Kh4 Bc4 73.
Bc3 Nd7 74. Kg3 Nb6 75. Kh4 Ba2 76. Be2 Bc4 77. Bd1 Bd3 78. Bd2 Nc4 79. Bc1 Nb6
80. Bd2 Bb5 81. Kg3 Bc4 82. Kh4 Nd5 83. Kg3 Ne7 84. Bc3 Nd5 85. Bd2 Nc7 86. Kh4
Nb5 87. Kg3 Na3 88. Bc1 Nb1 89. Bb2 Nd2 90. Kh4 Nf3+ 91. Kg3 Ne1 92. Bc3 Nd3
93. Bd2 Nb2 94. Bc2 Be2 95. Bc1 Nc4 96. Bb3 d5 97. Ba4 Bxh5 98. Bd7 Kg6 99.
Be8+ Kh6 100. Bd7 Bg6 101. Be6 Nb6 102. Bb2 1/2-1/2

[Event "ODEM U25-A Oberhof"]
[Site "?"]
[Date "2013.05.23"]
[Round "7.34"]
[White "von Reppert, Marc"]
[Black "Stoll, Katja"]
[Result "1/2-1/2"]
[WhiteElo "1681"]
[BlackElo "1766"]
[PlyCount "58"]
[EventDate "2013.??.??"]

1. e4 e5 2. Nf3 Nf6 3. Nc3 Nc6 4. d4 exd4 5. Nd5 Nxd5 6. exd5 Bb4+ 7. Bd2 Bxd2+
8. Qxd2 Qe7+ 9. Be2 Nb4 10. O-O O-O 11. Bc4 Qc5 12. Qxd4 Qxd4 13. Nxd4 c5 14.
a3 Nxd5 15. Bxd5 cxd4 16. Rad1 Rb8 17. Rfe1 d6 18. Rxd4 Bf5 19. Bb3 Rbc8 20.
Rd2 Rfe8 21. Red1 a6 22. f3 Rc6 23. Rxd6 Bxc2 24. Bxc2 Rxc2 25. R1d2 Rc1+ 26.
Rd1 Rec8 27. Kf2 Kf8 28. Rxc1 Rxc1 29. Rb6 Rc7 1/2-1/2

[Event "ODEM U25-A Oberhof"]
[Site "?"]
[Date "2013.05.23"]
[Round "7.35"]
[White "Mauser, Tassilo Tino"]
[Black "Weiss, Reinhold"]
[Result "1/2-1/2"]
[WhiteElo "1735"]
[BlackElo "1861"]
[PlyCount "60"]
[EventDate "2013.??.??"]

1. a3 Nf6 2. c4 c6 3. Nc3 d5 4. cxd5 cxd5 5. d4 e6 6. Bf4 Be7 7. Nf3 Nbd7 8. e3
O-O 9. Bd3 Nb6 10. O-O Bd7 11. Ne5 Rc8 12. Qe2 Na4 13. Nxd7 Qxd7 14. Nxa4 Qxa4
15. Rac1 a6 16. Rc2 Rxc2 17. Bxc2 Qd7 18. Bd3 Rc8 19. Qd2 Qc6 20. f3 Nh5 21.
Bg3 Nxg3 22. hxg3 Bd6 23. Kf2 e5 24. dxe5 Bxe5 25. Bf5 Rd8 26. Rc1 Qb6 27. Rc8
g6 28. Rxd8+ Qxd8 29. Be4 d4 30. exd4 Qxd4+ 1/2-1/2

[Event "ODEM U25-A Oberhof"]
[Site "?"]
[Date "2013.05.23"]
[Round "7.36"]
[White "Baudy, Niklas"]
[Black "Schmidt, Daniel (Stadtilm)"]
[Result "0-1"]
[WhiteElo "1675"]
[BlackElo "1753"]
[PlyCount "84"]
[EventDate "2013.??.??"]

1. e4 c5 2. c3 Nf6 3. e5 Nd5 4. d4 cxd4 5. cxd4 d6 6. Nf3 Nc6 7. Bc4 e6 8. O-O
Be7 9. Nbd2 Nb6 10. Bb3 Qc7 11. Re1 dxe5 12. dxe5 O-O 13. Nf1 Nd7 14. Bf4 Rd8
15. Qc2 Nc5 16. a3 Nd3 17. Re4 Nxf4 18. Rxf4 Qb6 19. N1d2 Bd7 20. Ne4 h6 21.
Nf6+ Bxf6 22. exf6 g6 23. Rh4 h5 24. Qc1 Kh7 25. Bc2 Qb5 26. Ng5+ Kg8 27. Nxe6
Kh7 28. Nf4 Nd4 29. Bd3 Qxd3 30. Nxd3 Ne2+ 31. Kf1 Nxc1 32. Rxc1 Bb5 33. Rc7
Bxd3+ 34. Ke1 Kg8 35. Rxb7 Ba6 36. Rc7 Rd6 37. g4 Re8+ 38. Re7 Re6+ 39. Kd1
R8xe7 40. fxe7 Be2+ 41. Kd2 Bxg4 42. h3 Bf5 0-1

[Event "ODEM U25-A Oberhof"]
[Site "?"]
[Date "2013.05.23"]
[Round "7.37"]
[White "Arns, Alexander"]
[Black "Hartmann, Jakob"]
[Result "1-0"]
[WhiteElo "1685"]
[BlackElo "1719"]
[PlyCount "91"]
[EventDate "2013.??.??"]

1. e4 e5 2. Nf3 Nc6 3. Bb5 a6 4. Ba4 Nf6 5. O-O b5 6. Bb3 Be7 7. Re1 O-O 8. h3
Bb7 9. c3 d5 10. exd5 Nxd5 11. d4 exd4 12. cxd4 Bf6 13. Nc3 Nxc3 14. bxc3 b4
15. Bb2 a5 16. Rb1 Qd7 17. c4 Rfe8 18. Rxe8+ Rxe8 19. Ba4 Qf5 20. d5 Rd8 21.
Bxf6 Qxf6 22. Qe2 Ne7 23. Re1 Ng6 24. Ne5 Nxe5 25. Qxe5 Qxe5 26. Rxe5 Ba6 27.
Re4 f6 28. Bb3 Kf8 29. Rd4 c5 30. Re4 Re8 31. f3 f5 32. Rf4 Bc8 33. Kf2 Bd7 34.
Rh4 h6 35. g4 Kf7 36. gxf5 Bxf5 37. Rf4 Kg6 38. h4 Bd7 39. Bc2+ Kh5 40. Rf7 Bc8
41. Rxg7 Kxh4 42. Rc7 Ba6 43. Rxc5 Rc8 44. Rxc8 Bxc8 45. Ba4 Kg5 46. d6 1-0

[Event "ODEM U25-A Oberhof"]
[Site "?"]
[Date "2013.05.23"]
[Round "7.38"]
[White "Thumm, Felix"]
[Black "Engers, Felix"]
[Result "0-1"]
[WhiteElo "1733"]
[BlackElo "1804"]
[PlyCount "120"]
[EventDate "2013.??.??"]

1. d4 Nf6 2. Nf3 c5 3. e3 b6 4. b3 Bb7 5. Nbd2 e6 6. Bb2 Qc7 7. Bd3 d5 8. O-O
Be7 9. Ne5 Nbd7 10. f4 O-O 11. g4 a6 12. Qe2 b5 13. c4 dxc4 14. bxc4 bxc4 15.
Ndxc4 Nd5 16. Nxd7 Qxd7 17. e4 Nb4 18. Nb6 Qc6 19. Nxa8 Nxd3 20. Qxd3 Bxa8 21.
Rac1 Rd8 22. Qc2 f5 23. gxf5 exf5 24. Rf2 fxe4 25. dxc5 e3 26. Rg2 Qxg2+ 27.
Qxg2 Bxg2 28. Kxg2 Rd2+ 29. Kf3 Rxb2 30. c6 Rb8 31. Kxe3 Kf7 32. Kd4 Ke6 33. c7
Rc8 34. Rc6+ Kd7 35. Rxa6 Rxc7 36. Ra5 Rc2 37. h3 Ke6 38. a4 Bd6 39. Ra6 Rf2
40. Ke3 Rh2 41. Ke4 g6 42. Ra8 Rxh3 43. a5 Rh4 44. Re8+ Kd7 45. Rg8 Rxf4+ 46.
Ke3 Rf7 47. Ke4 Kc6 48. Rc8+ Kb5 49. Kd5 Bb4 50. a6 Kxa6 51. Kc6 Rf6+ 52. Kd7
Kb5 53. Rc1 h5 54. Rg1 Bd2 55. Ke7 Ra6 56. Rg2 Bf4 57. Rb2+ Kc4 58. Kf7 g5 59.
Re2 h4 60. Rg2 h3 0-1

[Event "ODEM U25-A Oberhof"]
[Site "?"]
[Date "2013.05.23"]
[Round "7.39"]
[White "Nobis, Philipp"]
[Black "Halas, Lena"]
[Result "1/2-1/2"]
[WhiteElo "1716"]
[BlackElo "1668"]
[PlyCount "55"]
[EventDate "2013.??.??"]

1. c4 e5 2. g3 Nf6 3. Bg2 Nc6 4. Nc3 Bb4 5. d3 O-O 6. Bd2 Bxc3 7. Bxc3 d5 8.
cxd5 Nxd5 9. Nf3 Nxc3 10. bxc3 Be6 11. O-O f6 12. h3 Qd7 13. Kh2 Rad8 14. Qc2
b6 15. Rfd1 Qe8 16. Nd2 Ne7 17. c4 c5 18. a4 Nc6 19. Nb3 Nd4 20. Nxd4 cxd4 21.
Rdb1 Rc8 22. Qd2 Rc5 23. Rb5 Qc8 24. Rab1 Bd7 25. Rxc5 Qxc5 26. Qb4 Rc8 27.
Bd5+ Kf8 28. Bg2 1/2-1/2

[Event "ODEM U25-A Oberhof"]
[Site "?"]
[Date "2013.05.23"]
[Round "7.40"]
[White "Erofeev, Anastasia"]
[Black "Taeschner, Simon"]
[Result "1-0"]
[WhiteElo "1813"]
[BlackElo "1504"]
[PlyCount "79"]
[EventDate "2013.??.??"]

1. e4 c6 2. d4 d5 3. exd5 cxd5 4. Bd3 Nc6 5. c3 Nf6 6. Bf4 Bg4 7. Qb3 Qd7 8.
Nd2 e6 9. Ngf3 a6 10. O-O b5 11. Ne5 Qb7 12. Nxg4 Nxg4 13. Nf3 Na5 14. Qc2 h6
15. h3 Nf6 16. Ne5 Nc4 17. Rfe1 Nxe5 18. Bxe5 Nd7 19. Bf4 Be7 20. Qe2 Nf6 21.
Be5 O-O 22. Qf3 Qb6 23. a3 a5 24. Qg3 b4 25. cxb4 axb4 26. a4 Rfc8 27. a5 Rxa5
28. Rec1 Raa8 29. Rxa8 Rxa8 30. Bb1 Kh8 31. Qd3 g6 32. Rc7 Bd8 33. Rxf7 Ra7 34.
Bxf6+ Bxf6 35. Rxf6 Rg7 36. Rxg6 Qc7 37. Rxg7 Qxg7 38. Qg6 Qc7 39. Qxh6+ Kg8
40. Qxe6+ 1-0

[Event "ODEM U25-A Oberhof"]
[Site "?"]
[Date "2013.05.23"]
[Round "7.41"]
[White "Sonnhalter, Stella"]
[Black "Weber, Yannik"]
[Result "1-0"]
[WhiteElo "1843"]
[BlackElo "1542"]
[PlyCount "45"]
[EventDate "2013.??.??"]

1. e4 e5 2. Nf3 Nc6 3. Bc4 d6 4. c3 Be6 5. Bb3 Nf6 6. d3 Be7 7. Nbd2 O-O 8. Bc2
d5 9. Qe2 dxe4 10. dxe4 Nh5 11. Nxe5 Nf4 12. Nxc6 bxc6 13. Qf3 Bd6 14. Nf1 f5
15. Bxf4 fxe4 16. Qxe4 Bf5 17. Qc4+ Kh8 18. Bxd6 Re8+ 19. Ne3 Bxc2 20. Bg3 Re4
21. Qxc6 Rb8 22. O-O Rxb2 23. Nxc2 1-0

[Event "ODEM U25-A Oberhof"]
[Site "?"]
[Date "2013.05.23"]
[Round "7.42"]
[White "Herbrig, Marie-Helen"]
[Black "Nguyen, Anh Van"]
[Result "1-0"]
[WhiteElo "1762"]
[BlackElo "1630"]
[PlyCount "31"]
[EventDate "2013.??.??"]

1. e4 c5 2. Nf3 d6 3. d4 cxd4 4. Nxd4 Nf6 5. Nc3 g6 6. Be3 Bg7 7. Bc4 O-O 8. f3
Nc6 9. Qd2 a6 10. Bb3 Re8 11. O-O-O Qc7 12. g4 b5 13. Nxc6 Qxc6 14. g5 Bb7 15.
gxf6 Bxf6 16. Nd5 1-0

[Event "ODEM U25-A Oberhof"]
[Site "?"]
[Date "2013.05.23"]
[Round "7.43"]
[White "Kitze, Lukas"]
[Black "Bastelberger, Julian"]
[Result "0-1"]
[WhiteElo "1611"]
[BlackElo "1710"]
[PlyCount "102"]
[EventDate "2013.??.??"]

1. e4 c5 2. Nc3 d6 3. g3 g6 4. Nge2 Bg7 5. Bg2 Nc6 6. d3 e6 7. O-O Nge7 8. Be3
O-O 9. f4 Rb8 10. g4 b5 11. Qd2 Bd7 12. Ng3 f5 13. gxf5 exf5 14. Rab1 b4 15.
Nce2 Na5 16. Rfc1 Qb6 17. Bf2 Qb5 18. Nf1 Rfc8 19. Ne3 Qa6 20. Bh4 Nec6 21. Nd5
Kf7 22. Ng3 Be6 23. exf5 gxf5 24. Qe2 Nd4 25. Qh5+ Kf8 26. Qxh7 Nac6 27. c3
bxc3 28. bxc3 Rxb1 29. Rxb1 Qxd3 30. Rb7 Qd1+ 31. Nf1 Qg4 32. cxd4 Bxd5 33. Bg3
Bxd4+ 34. Kh1 Bxg2+ 35. Kxg2 Qe2+ 36. Kh3 Qxf1+ 37. Kh4 Bf6+ 38. Kh5 Qh3+ 39.
Kg6 Qxh7+ 40. Kxh7 Re8 41. Kg6 Be7 42. Kxf5 Kf7 43. Rc7 Nd4+ 44. Kg4 Rg8+ 45.
Kh3 Rh8+ 46. Kg2 Ne2 47. Rxa7 Nxg3 48. hxg3 Ke6 49. f5+ Kf6 50. g4 Rg8 51. Kf3
d5 0-1

[Event "ODEM U25-A Oberhof"]
[Site "?"]
[Date "2013.05.23"]
[Round "7.44"]
[White "Gressmann, Hanna"]
[Black "Kempe, Markus"]
[Result "0-1"]
[WhiteElo "1520"]
[BlackElo "1649"]
[PlyCount "72"]
[EventDate "2013.??.??"]

1. e4 c5 2. Nf3 Nc6 3. d4 cxd4 4. Nxd4 Nf6 5. Nc3 d6 6. Bc4 Qb6 7. Nb3 Qb4 8.
Qe2 e6 9. O-O Qb6 10. Be3 Qd8 11. f3 Be7 12. Qf2 O-O 13. Rad1 Ne5 14. Be2 b6
15. f4 Neg4 16. Qf3 Nxe3 17. Qxe3 Qc7 18. Bf3 Bb7 19. Qd2 Rad8 20. Qe2 Nd7 21.
Nb5 Qb8 22. Nc3 Rfe8 23. Kh1 Bf8 24. Qf2 a6 25. f5 Ne5 26. fxe6 Rxe6 27. Qxb6
Rh6 28. Qg1 Nc4 29. Rb1 d5 30. Nxd5 Bd6 31. h3 Bc8 32. Qd4 Bxh3 33. Qxc4 Bxg2+
34. Kxg2 Rh2+ 35. Kg1 Bc5+ 36. Rf2 Rxf2 0-1

[Event "ODEM U25-A Oberhof"]
[Site "?"]
[Date "2013.05.23"]
[Round "7.45"]
[White "Massloch, Philipp"]
[Black "Wodzinski, Kristin"]
[Result "1/2-1/2"]
[WhiteElo "1649"]
[BlackElo "1643"]
[PlyCount "93"]
[EventDate "2013.??.??"]

1. e4 c5 2. Nf3 d6 3. d4 cxd4 4. Nxd4 Nf6 5. Nc3 a6 6. Be2 e5 7. Nb3 Be6 8. Be3
b5 9. Nd2 Nbd7 10. O-O Nb6 11. b3 Be7 12. f4 Qc7 13. Ncb1 Rc8 14. c3 O-O 15.
Qe1 d5 16. fxe5 Nxe4 17. Nxe4 dxe4 18. Qg3 Bc5 19. Kh1 Bxe3 20. Qxe3 Qc6 21.
Rc1 Nd7 22. Nd2 Nxe5 23. c4 bxc4 24. Nxc4 Nxc4 25. Bxc4 Bxc4 26. Rxc4 Qf6 27.
Re1 Rxc4 28. bxc4 Re8 29. Kg1 Qc6 30. Rc1 Qa4 31. a3 f5 32. c5 Qc6 33. Kf2 Rd8
34. Rc3 Rd5 35. g3 Rd3 36. Rxd3 exd3 37. Qxd3 Qxc5+ 38. Kf3 Qc6+ 39. Kf4 g6 40.
Qb3+ Kg7 41. Kg5 Qf6+ 42. Kf4 Qd4+ 43. Kf3 Qe4+ 44. Kf2 Qd4+ 45. Kf3 Qg4+ 46.
Kf2 Qd4+ 47. Kf3 1/2-1/2

[Event "ODEM U25-A Oberhof"]
[Site "?"]
[Date "2013.05.23"]
[Round "7.46"]
[White "Denkert, Robert"]
[Black "Peters, Theresa"]
[Result "1/2-1/2"]
[WhiteElo "1631"]
[BlackElo "1467"]
[PlyCount "68"]
[EventDate "2013.??.??"]

1. d4 Nf6 2. Nd2 g6 3. e4 d6 4. Bc4 e5 5. Ngf3 exd4 6. Nxd4 Bg7 7. c3 O-O 8.
O-O Nbd7 9. Qc2 Nb6 10. Bb3 c6 11. N2f3 Qc7 12. Bf4 Nh5 13. Bg5 Nf6 14. Bf4 Nh5
15. Bg5 Nf6 16. h3 Re8 17. Rfe1 Bd7 18. Bf4 c5 19. e5 Nfd5 20. exd6 Qc8 21.
Rxe8+ Bxe8 22. Bxd5 cxd4 23. Bb3 dxc3 24. bxc3 Qxc3 25. Qxc3 Bxc3 26. Rc1 Bb4
27. Rc7 Rb8 28. Ng5 Rd8 29. Ne6 Rd7 30. Rxd7 Bxd7 31. Nd8 Be8 32. Nxb7 Nc8 33.
Kf1 Kf8 34. Ke2 Bc6 1/2-1/2

[Event "ODEM U25-A Oberhof"]
[Site "?"]
[Date "2013.05.23"]
[Round "7.47"]
[White "Wastian, Jan"]
[Black "Bossert, Felix"]
[Result "0-1"]
[WhiteElo "1636"]
[BlackElo "1522"]
[PlyCount "44"]
[EventDate "2013.??.??"]

1. e4 c5 2. c3 d5 3. exd5 Qxd5 4. d4 g6 5. Nf3 Bg7 6. Be3 cxd4 7. Bxd4 Bxd4 8.
cxd4 Nf6 9. Nc3 Qa5 10. Bc4 O-O 11. O-O Bg4 12. h3 Bxf3 13. Qxf3 Nc6 14. Qe3
Qb4 15. b3 Rac8 16. Rac1 a6 17. Rfd1 Rc7 18. Ne4 Nxe4 19. Qxe4 Rfc8 20. Qf4 e6
21. Be2 Nxd4 22. Bc4 Ne2+ 0-1

[Event "ODEM U25-A Oberhof"]
[Site "?"]
[Date "2013.05.23"]
[Round "7.48"]
[White "Fischer, Maxi"]
[Black "Zesewitz, Maik"]
[Result "1-0"]
[WhiteElo "1497"]
[BlackElo "1552"]
[PlyCount "83"]
[EventDate "2013.??.??"]

1. e4 e5 2. Nf3 Nc6 3. Bc4 Bc5 4. c3 Nf6 5. d3 d6 6. Bb3 Bg4 7. Nbd2 O-O 8. h3
Bd7 9. Nf1 Qc8 10. Ng3 h6 11. Nh4 Ne7 12. Qe2 a5 13. Be3 a4 14. Bc2 Bxe3 15.
Qxe3 g5 16. Nf3 Ng6 17. O-O-O Nf4 18. Rdg1 c5 19. h4 g4 20. Nd2 b5 21. Ne2
Nxe2+ 22. Qxe2 b4 23. Qe3 Kh7 24. c4 Nh5 25. g3 Ng7 26. Bd1 h5 27. f4 f6 28. f5
Ne8 29. Nf1 Nc7 30. Qd2 Be8 31. Ne3 a3 32. b3 Bf7 33. Bxg4 hxg4 34. Nxg4 Be8
35. Qh6+ Kg8 36. Nxf6+ Rxf6 37. Qxf6 Qd7 38. h5 Qd8 39. Qxd8 Rxd8 40. g4 Bd7
41. g5 Rf8 42. h6 1-0

[Event "ODEM U25-A Oberhof"]
[Site "?"]
[Date "2013.05.23"]
[Round "7.49"]
[White "Bruehan, Caren"]
[Black "Neumann, Tiemon"]
[Result "0-1"]
[WhiteElo "1643"]
[BlackElo "1708"]
[PlyCount "102"]
[EventDate "2013.??.??"]

1. d4 d5 2. Nf3 Nc6 3. e3 Bg4 4. c3 Nf6 5. Nbd2 e6 6. Bd3 Bd6 7. h3 Bh5 8. O-O
O-O 9. Re1 e5 10. dxe5 Nxe5 11. Be2 Nxf3+ 12. Bxf3 Bg6 13. Qb3 Rb8 14. Qd1 Re8
15. b3 c5 16. Bb2 Be5 17. Qc1 Qd6 18. Nf1 b6 19. Rd1 Rbd8 20. Bxd5 Nxd5 21. c4
Qf6 22. Bxe5 Rxe5 23. Rxd5 Rexd5 24. cxd5 Rxd5 25. Ng3 Bc2 26. Qe1 Qxa1 27.
Qxa1 Rd1+ 28. Qxd1 Bxd1 29. Kf1 Bc2 30. Ke2 Bb1 31. a3 Ba2 32. b4 cxb4 33. axb4
a5 34. bxa5 bxa5 35. Ne4 Bc4+ 36. Kd2 Bf1 37. Kc3 Bxg2 38. Nd6 Bxh3 39. Kb3 h5
40. Ka4 h4 41. Kxa5 Bg2 42. Nf5 h3 43. Ng3 h2 44. Kb5 h1=Q 45. Nxh1 Bxh1 46. f4
Kh7 47. Kc5 Kg6 48. Kd4 Kf5 49. Kd3 f6 50. Ke2 Ke4 51. Kf2 Bf3 0-1

[Event "ODEM U25-A Oberhof"]
[Site "?"]
[Date "2013.05.23"]
[Round "7.50"]
[White "Wendler, Simon"]
[Black "Eimer, Christina"]
[Result "1-0"]
[WhiteElo "1413"]
[BlackElo "1541"]
[PlyCount "69"]
[EventDate "2013.??.??"]

1. e4 e6 2. d4 d5 3. Nc3 Nf6 4. e5 Nfd7 5. f4 c5 6. Nce2 cxd4 7. Nxd4 Nc6 8.
Ngf3 Bc5 9. c3 O-O 10. Bd3 Qe7 11. Bxh7+ Kh8 12. Bd3 Nxd4 13. Nxd4 g6 14. a3 a5
15. h4 Kg7 16. h5 Rh8 17. g4 b6 18. Qc2 Nf8 19. Qg2 Bb7 20. f5 Qc7 21. Bf4 Nd7
22. fxg6 Nxe5 23. h6+ Kg8 24. h7+ Kf8 25. Bh6+ Ke7 26. O-O-O Bxd4 27. g7 Nxd3+
28. Rxd3 Rxh7 29. Bg5+ Bf6 30. Bxf6+ Kxf6 31. Rxh7 Qf4+ 32. Rd2 Qg5 33. Qf2+
Kg6 34. g8=Q+ Rxg8 35. Qxf7# 1-0

[Event "ODEM U25-A Oberhof"]
[Site "?"]
[Date "2013.05.23"]
[Round "7.51"]
[White "Nabinger, Annalena"]
[Black "Koll, Lukas"]
[Result "1/2-1/2"]
[WhiteElo "1485"]
[BlackElo "1464"]
[PlyCount "95"]
[EventDate "2013.??.??"]

1. e4 e5 2. Nf3 Nc6 3. d4 exd4 4. Nxd4 Nf6 5. Nc3 Bb4 6. Nxc6 bxc6 7. Qf3 Qe7
8. Bd3 h6 9. O-O O-O 10. Bd2 Re8 11. Rfe1 d6 12. h3 Bb7 13. a3 Ba5 14. b4 Bb6
15. Be3 Rad8 16. Bxb6 axb6 17. Qe2 d5 18. e5 Nd7 19. f4 Qh4 20. Qf2 Qxf2+ 21.
Kxf2 Re7 22. Ne2 f6 23. exf6 Nxf6 24. Ng3 Rde8 25. Rxe7 Rxe7 26. Re1 Rxe1 27.
Kxe1 Bc8 28. Nf5 Kf7 29. Ng3 Be6 30. a4 Bd7 31. a5 bxa5 32. bxa5 Bc8 33. Kd2
Nd7 34. a6 Nc5 35. a7 Bb7 36. Bf5 g6 37. Bg4 Na4 38. h4 Nb6 39. Ne2 Nc4+ 40.
Kd3 Na3 41. Nc3 c5 42. Nxd5 Nb5 43. Kc4 Nxa7 44. Nxc7 Bxg2 45. Kxc5 Nc6 46. Nd5
Bxd5 47. Kxd5 Nb4+ 48. Ke5 1/2-1/2

[Event "ODEM U25-A Oberhof"]
[Site "?"]
[Date "2013.05.23"]
[Round "7.52"]
[White "Martin, Raphael"]
[Black "Schreiber, Justina"]
[Result "1/2-1/2"]
[WhiteElo "1682"]
[BlackElo "1603"]
[PlyCount "81"]
[EventDate "2013.??.??"]

1. e4 e6 2. d4 d5 3. Nd2 Nf6 4. e5 Nfd7 5. Ngf3 c5 6. c3 Nc6 7. Bd3 Be7 8. O-O
g5 9. Bb5 g4 10. Ne1 h5 11. dxc5 Ndxe5 12. Nb3 Bd7 13. Nd3 Nxd3 14. Qxd3 Ne5
15. Qe2 Ng6 16. c4 Bxb5 17. cxb5 Rc8 18. Be3 Bg5 19. Rac1 Rg8 20. c6 b6 21. Kh1
Nh4 22. Rc2 Rc7 23. Rd1 Bxe3 24. Qxe3 Nf5 25. Qf4 Rc8 26. Rcd2 Qd6 27. Qa4 Qc7
28. Re1 Rd8 29. Qa6 Ke7 30. Rc1 Nd6 31. Rdc2 Rh8 32. Nd2 Rhg8 33. a4 Ra8 34. b4
Rh8 35. a5 Rhg8 36. Ra1 Rh8 37. Rb2 Rhg8 38. Rc2 Rh8 39. Rac1 Rhg8 40. Ra2 Rh8
41. Rb2 1/2-1/2

[Event "ODEM U25-A Oberhof"]
[Site "?"]
[Date "2013.05.24"]
[Round "8.1"]
[White "Grewenig, Jan"]
[Black "Goelz, Daniel"]
[Result "1-0"]
[WhiteElo "2002"]
[BlackElo "2137"]
[PlyCount "71"]
[EventDate "2013.??.??"]

1. e4 c5 2. Nf3 Nc6 3. d4 cxd4 4. Nxd4 Nf6 5. Nc3 e5 6. Ndb5 d6 7. Bg5 a6 8.
Na3 Be6 9. Nc4 Rc8 10. Ne3 Be7 11. Bxf6 Bxf6 12. Ncd5 Bg5 13. c3 O-O 14. Be2
Bxe3 15. Nxe3 Ne7 16. Bf3 Qc7 17. O-O g6 18. Qd2 f5 19. exf5 gxf5 20. Rad1 Rcd8
21. Bd5 Qd7 22. f4 Bxd5 23. Nxd5 Qe6 24. fxe5 dxe5 25. Qg5+ Ng6 26. Nf6+ Kh8
27. Rxd8 Qb6+ 28. Kh1 Qxd8 29. Qxf5 e4 30. g4 e3 31. g5 e2 32. Rg1 Qd1 33. Qe4
Qd2 34. Qxb7 Rxf6 35. gxf6 Qh6 36. Qg7+ 1-0

[Event "ODEM U25-A Oberhof"]
[Site "?"]
[Date "2013.05.24"]
[Round "8.2"]
[White "Galkin, Wladislaw"]
[Black "Poetsch, Hagen"]
[Result "0-1"]
[WhiteElo "2066"]
[BlackElo "2431"]
[PlyCount "82"]
[EventDate "2013.??.??"]

1. c4 Nf6 2. g3 e6 3. Bg2 d5 4. b3 d4 5. d3 e5 6. Nf3 Nc6 7. O-O a5 8. Na3 Bc5
9. Nc2 O-O 10. a3 Re8 11. e4 dxe3 12. Bxe3 Bxe3 13. Nxe3 Qd6 14. Qc2 Qc5 15.
Ng5 Nd4 16. Qb2 c6 17. b4 Qe7 18. c5 Bf5 19. Ne4 Bxe4 20. dxe4 Qe6 21. f4 Red8
22. f5 Qb3 23. Qxb3 Nxb3 24. Rad1 Nd2 25. Rfe1 axb4 26. axb4 Rd4 27. Nc2 Rd7
28. Ra1 Rxa1 29. Rxa1 Kf8 30. Re1 Ke7 31. h3 Rd3 32. Kf2 Rc3 33. Na1 Rc4 34.
Re2 Ndxe4+ 35. Bxe4 Nxe4+ 36. Kf3 Ng5+ 37. Kg2 Kf6 38. Nc2 e4 39. g4 Ke5 40.
Ne1 Rc3 41. Nc2 Nxh3 0-1

[Event "ODEM U25-A Oberhof"]
[Site "?"]
[Date "2013.05.24"]
[Round "8.3"]
[White "Wurm, Alexander"]
[Black "Wenninger, Philipp"]
[Result "0-1"]
[WhiteElo "2081"]
[BlackElo "2220"]
[PlyCount "52"]
[EventDate "2013.??.??"]

1. d4 d5 2. c4 c6 3. Nc3 Nf6 4. e3 a6 5. Nf3 b5 6. b3 Bg4 7. Be2 Nbd7 8. O-O e6
9. Bb2 Bd6 10. cxd5 cxd5 11. Rc1 O-O 12. h3 Bh5 13. Nd2 Bg6 14. f4 Rc8 15. Nf3
Qa5 16. Ne5 Bb4 17. Nxg6 hxg6 18. Qd3 Ne4 19. Nxe4 dxe4 20. Qxe4 Qxa2 21. Rxc8
Rxc8 22. Qb7 Rc2 23. Bf3 Qxb2 24. Qxd7 Qxb3 25. Qd8+ Bf8 26. Re1 Rc1 0-1